00713nam a2200241 a 450000100060000000300080000600500170001400800410003102000150007203500190008704000230010604100080012908200220013710000270015924500920018625000120027826000510029030000350034150400370037665000220041365000150043565000210045056636BD-RjUL20211209080422.0161203s1984 caua b 001 0 eng  a0534031889 a(BD-RjUL)56760 aDLCcDLCdDLCbeng aeng00a160223bKAL 19841 aKahane, Howard,d1928-10aLogic and contemporary rhetoric :bthe use of reason in everyday life /cHoward Kahane. a4th ed. aBelmont, Calif. :bWadsworth Pub. Co.,cc1984. axiii, 321 p. :bill. ;c24 cm. aIncludes Bibliography and index. 0aFallacies (Logic) 0aReasoning. 0aJudgment (Logic)